00305nam a2200121Ia 4500008004100000082001900041100002200060245004800082250000600130260002300136300000800159650001600167191201s2008 xx 000 0 und d a621.38411bJOE aJordan, Edward C. 0aElectromagnetic waves and radiating systems a2 aN.DelhibPHIc2008 a753 aB.Tech(ECE)